| 000 | 00000nam##2200000za#4500 |
| 001 | 9.569612 |
| 003 | CaOODSP |
| 005 | 20210624181842 |
| 007 | cr ||||||||||| |
| 008 | 150406|1986||||xxc|||||o f|0| 0 eng|d |
| 040 | |aCaOODSP|beng |
| 043 | |an-cn--- |
| 086 | 1 |aNH18-1/125-1986E-PDF |
| 110 | 2 |aCanada Mortgage and Housing Corporation. |
| 245 | 10|aLog walls field tests |h[electronic resource] |
| 260 | |aOttawa - Ontario : |bCanada Mortgage and Housing Corporation |c1986. |
| 300 | |a65p.|bfigs., graphs, tables |
| 490 | 1 |aResearch report |
| 504 | |aBibliography. |
| 590 | |a11-25-Supp|b2011-10-31 |
| 830 | #0|aResearch report (Canada Mortgage and Housing Corporation : Online)|w(CaOODSP)9.506068 |
| 856 | 40|ahttp://publications.gc.ca|qPDF|s2.03 MB|uhttps://publications.gc.ca/collections/collection_2011/schl-cmhc/nh18-1/NH18-1-125-1986-eng.pdf |